Statistiques concernant Italien - Verbe régulier (Capire)

Cliquez ici pour prendre le quiz!

Statistiques générales

  • Ce quiz a été pris 5 fois
  • Le résultat moyen est 38 sur 49

Statistiques - réponses

Tempo - PersonaConiugazione% Correct
noicapiamo
100%
lui/leicapisce
100%
tucapisci
100%
iocapisco
100%
lorocapiscono
100%
voicapite
100%
io (maschile)capendo
75%
lui/leicapì
75%
noicapiamo
75%
iocapii
75%
noicapimmo
75%
lui/leicapirà
75%
tucapirai
75%
lorocapiranno
75%
lui/leicapirebbe
75%
lorocapirebbero
75%
iocapirei
75%
noicapiremmo
75%
noicapiremo
75%
voicapireste
75%
tucapiresti
75%
voicapirete
75%
iocapirò
75%
lorocapirono
75%
iocapisca
75%
tucapisca
75%
lui/leicapisca
75%
lui/leicapisca
75%
lorocapiscano
75%
tucapisci
75%
lui/leicapisse
75%
lorocapissero
75%
tucapissi
75%
iocapissi
75%
noicapissimo
75%
voicapiste
75%
voicapiste
75%
tucapisti
75%
voicapite
75%
io (maschile)capito
75%
lui/leicapiva
75%
noicapivamo
75%
lorocapivano
75%
voicapivate
75%
tucapivi
75%
iocapivo
75%
noicapiamo
50%
voicapiate
50%
lorocapiscano
50%

Distribution des résultats

Percentile par nombre de réponses

% des personnes avec chaque résultat

Votre développement - résultats

Vous n’avez pas pris ce quiz